00349 2200133 4500001002100000008004100021035002000062245005000082100002200132260002500154300001300179084001400192990000900206INLIS000000000004008 Ind  a0010-0723000493 aKisah Perjuangan WalisongocMB. Rahimsyah. AR aAR, MB. Rahimsyah aSurabaya:bDua Media a120 hlm. a047 KIS m a4094